LEADER 02833nam 2200745 a 450 001 9910457773103321 005 20200520144314.0 010 $a1-283-32170-X 010 $a9786613321701 010 $a0-262-29818-X 024 8 $a9786613321701 035 $a(CKB)2550000000063456 035 $a(SSID)ssj0000537955 035 $a(PQKBManifestationID)11340581 035 $a(PQKBTitleCode)TC0000537955 035 $a(PQKBWorkID)10567433 035 $a(PQKB)11568443 035 $a(StDuBDS)EDZ0000131164 035 $a(MiAaPQ)EBC3339325 035 $a(OCoLC)760886275 035 $a(MdBmJHUP)muse24564 035 $a(OCoLC)760886275$z(OCoLC)761291258$z(OCoLC)816870218$z(OCoLC)940717053$z(OCoLC)961672004$z(OCoLC)962610901$z(OCoLC)988460852$z(OCoLC)992052822$z(OCoLC)1037930295$z(OCoLC)1038570404$z(OCoLC)1045542133$z(OCoLC)1055380075$z(OCoLC)1058099737$z(OCoLC)1066584481$z(OCoLC)1081220601 035 $a(OCoLC-P)760886275 035 $a(MaCbMITP)7632 035 $a(Au-PeEL)EBL3339325 035 $a(CaPaEBR)ebr10509221 035 $a(CaONFJC)MIL332170 035 $a(EXLCZ)992550000000063456 100 $a20110426d2011 uy 0 101 0 $aeng 135 $aur||||||||||| 181 $ctxt 182 $cc 183 $acr 200 10$aInstrumental community$b[electronic resource] $eprobe microscopy and the path to nanotechnology /$fCyrus C. M. Mody 210 $aCambridge, Mass. $cMIT Press$d2011 215 $a1 online resource (xiii, 260 p.) $cill 225 1 $aInside technology 300 $aBibliographic Level Mode of Issuance: Monograph 311 $a0-262-13494-2 320 $aIncludes bibliographical references and index. 330 8 $aIn this volume, the author argues that this technology-centric view does not explain how these microscopes helped to launch nanotechnology - and fails to acknowledge the agency of the microscopists in making the STM and its variants critically important tools. 410 0$aInside technology. 606 $aNanotechnology$xResearch$zUnited States 606 $aNanotechnology$xResearch$zEurope 606 $aScanning probe microscopy 606 $aIntellectual cooperation$vCase studies 606 $aScientists$zUnited States$vInterviews 606 $aScientists$zEurope$vInterviews 608 $aElectronic books. 615 0$aNanotechnology$xResearch 615 0$aNanotechnology$xResearch 615 0$aScanning probe microscopy. 615 0$aIntellectual cooperation 615 0$aScientists 615 0$aScientists 676 $a620/.5 700 $aMody$b Cyrus C. M$g(Cyrus Cawas Maneck),$f1974-$0918748 801 0$bMiAaPQ 801 1$bMiAaPQ 801 2$bMiAaPQ 906 $aBOOK 912 $a9910457773103321 996 $aInstrumental community$92471636 997 $aUNINA LEADER 02902nam 2200661 a 450 001 9910966788303321 005 20260110173502.0 010 $a9786612456732 010 $a9781282456730 010 $a1282456733 010 $a9783110215687 010 $a3110215683 024 7 $a10.1515/9783110215687 035 $a(CKB)2480000000000004 035 $a(EBL)476133 035 $a(OCoLC)593273859 035 $a(SSID)ssj0000336347 035 $a(PQKBManifestationID)11234052 035 $a(PQKBTitleCode)TC0000336347 035 $a(PQKBWorkID)10281952 035 $a(PQKB)10759215 035 $a(DE-B1597)36174 035 $a(OCoLC)775644861 035 $a(OCoLC)979626082 035 $a(DE-B1597)9783110215687 035 $a(Au-PeEL)EBL476133 035 $a(CaONFJC)MIL245673 035 $a(PPN)175497109 035 $a(Perlego)651999 035 $a(MiAaPQ)EBC476133 035 $a(EXLCZ)992480000000000004 100 $a20110620d2009 uy 0 101 0 $aeng 135 $aur||#|||||||| 181 $ctxt 182 $cc 183 $acr 200 12$aA critical study of the Euthalian apparatus /$fLouis Charles Willard 205 $a1st ed. 210 $aBerlin ;$aNew York $cWalter de Gruyter$dc2009 215 $a1 online resource (196 p.) 225 1 $aArbeiten zur neutestamentlichen Textforschung,$x0570-5509 ;$vBd. 41 300 $aOriginally presented as the author's thesis (Ph. D.)--Yale University, 1970. 311 08$a9783110215670 311 08$a3110215675 320 $aIncludes bibliographical references and indexes. 327 $tFrontmatter --$tContents --$tIntroduction and Manuscript Tradition --$tPart One: Major Pieces --$tPart Two: Minor Pieces --$tPart Three: Versions --$tPart Four --$tExcursus --$tBackmatter 330 $aManuscripts of the New Testament frequently contain, in addition to the text, supplementary information such as excerpts from the Fathers, chapter lists, "ation lists, introductions to sections, for example, the Pauline letters, and to individual books. The ?Euthalian apparatus? is the name given to one such collection of helps to the reader. Unfortunately, the relationship of the various parts, the identity of the author, the time of the writing, and the provenance remain uncertain. This work collects, summarizes, and analyzes the sometimes disparate published scholarship on the apparatus through 1970. The bibliography updates the original bibliography through 2007 and includes newly identified, earlier bibliographic references. 410 0$aArbeiten zur neutestamentlichen Textforschung ;$vBd. 41. 676 $a227/.0486 700 $aWillard$b Louis Charles$01888265 801 0$bMiAaPQ 801 1$bMiAaPQ 801 2$bMiAaPQ 906 $aBOOK 912 $a9910966788303321 996 $aA critical study of the Euthalian apparatus$94526888 997 $aUNINA